Normal view
MARC view
- Kouzes, James M.,
Entry Nombre Personal
001 - NUMERO DE CONTROL
- campo de control: 28843
003 - IDENTIFICADOR DE NUMERO DE CONTROL
- campo de control: UPN
005 - FECHA Y HORA DE LA ÜLTIMA TRANSACCIÓN
- campo de control: 20210219194357.0
008 - DATOS DE LONGITUD FIJA
- campo de control de longitud fija: nabaccnnaabn|||||||||| b |nc|||||d
035 ## - NUMERO DE CONTROL
- Número de control: UPN11000000949
040 ## - FUENTE DE CATALOGACIÓN
- Lenguaje de catalogación: SPA
- Agencia de transcripción: UPN
100 1# - ENCABEZAMIENTO - NOMBRE PERSONAL
- Nombre personal: Kouzes, James M.,
- Fechas asociadas con el nombre: 1945-
670 ## - FUENTE EN LA QUE SE LOCALIZARON DATOS
- Cita de la fuente: LC
680 ## - NOTA PUBLICA DE ACCESO PÚBLICO
- Frase explicativa de la referencia: Autor de éxito, un orador premiado y uno de los doce mejores educadores de ejecutivos en los Estados Unidos
902 ## - CATALOGADOR
- Catalogador: DAA/140108
